Terminus de toutes les lignes de métro françaises - Statistiques

Statistiques générales
  • Ce quiz a été pris 64 fois
    20 depuis la dernière actualisation
  • Le résultat moyen est 25 sur 58
Statistiques - réponses
Hint Réponse % Correct
Nation
83%
Nation
83%
Ligne 8 Balard
78%
Ligne 5 Bobigny - Pablo Picasso
78%
Paris - Ligne 1 La Défense
78%
Château de Vincennes
72%
Ligne 12 Mairie d'Aubervilliers
72%
Ligne 6 Charles de Gaulle - Etoile
67%
Créteil - Pointe du Lac
67%
Mairie de Montreuil
67%
Mairie d'Issy
67%
Ligne 14 Saint-Denis - Pleyel
67%
Ligne 13 Saint-Denis - Université
67%
Ligne 10 Boulogne - Pont de Saint-Cloud
61%
Ligne 11 Châtelet
61%
Gare d'Austerlitz
61%
Lyon - Ligne A Perrache
61%
Ligne 9 Pont de Sèvres
61%
Ligne 2 Porte Dauphine
61%
Bagneux - Lucie Aubrac
56%
Ligne 7 La Courneuve - 8 Mai 1945
56%
Mairie d'Ivry
56%
Place d'Italie
56%
Ligne 4 Porte de Clignancourt
56%
Villejuif - Louis Aragon
56%
Aéroport d'Orly
50%
Gallieni
50%
Porte des Lilas
50%
Ligne 3bis Gambetta
44%
Ligne 3 Pont de Levallois - Bécon
44%
Asnières - Gennevilliers - Les Courtilles
39%
Châtillon - Montrouge
39%
Ligne D Gare de Vaise
39%
Gare de Vénissieux
39%
Ligne 7bis Louis Blanc
39%
Rosny - Bois-Perrier
39%
Saint-Genis-Laval - Hôpital Lyon Sud
39%
Pré Saint-Gervais
33%
Ligne B Charpennes - Charles Hernu
28%
Toulouse - Ligne A Mirail - Basso-Cambo
28%
Quatre Cantons - Stade Pierre-Mauroy
28%
Vaulx-en-Velin - La Soie
28%
Balma-Gramont
22%
Cuire
22%
Ligne C Hôtel de Ville - Louis Pradel
22%
Ramonville
17%
Saint-Jacques - Gaîté
17%
Ligne 2 Saint-Philibert
17%
Ligne B Borderouge
11%
Ligne b Cesson - Viasilva
11%
CH Dron
11%
Rennes - Ligne a J.F. Kennedy
11%
La Poterie
11%
Ligne 2 Capitaine Gèze
6%
Lille - Ligne 1 CHU - Eurasanté
6%
La Fourragère
6%
Marseille - Ligne 1 La Rose
6%
Sainte-Marguerite Dromel
6%
Aucun quiz correspondant
Distribution des résultats
% des personnes avec chaque résultat
Percentile par nombre de réponses
Votre historique - résultats
Vous n’avez pas pris ce quiz depuis la dernière actualisation